Wszystkie Edycje Farming Simulator - Statystyki

Ogólne statystyki
  • Ten quiz został rozwiązany 68 razy
  • Średni wynik to 9 z 15
Statystyki odpowiedzi
Odpowiedź % Poprawnych
Farming Simulator 19
85%
Farming Simulator 20
83%
Farming Simulator 17
78%
Farming Simulator 22
78%
Farming Simulator 15
74%
Farming Simulator 25
70%
Farming Simulator 18
63%
Farming Simulator 14
61%
Farming Simulator 23
57%
Farming Simulator 16
54%
Farming Simulator 2009 / Landwirtschafts Simulator 2009
43%
Farming Simulator 2011 / Landwirtschafts Simulator 2011
39%
Farming Simulator 2013 / Landwirtschafts Simulator 2013
37%
Farming Simulator 2008 / Landwirtschafts Simulator 2008
35%
Farming Simulator 2012 / Landwirtschafts Simulator 2012
30%
Nie znaleziono quizów pasujących do podanych kryteriów
Rozkład punktacji
Procent ludzi z każdym wynikiem
Percentyl według liczby udzielonych odpowiedzi
Twoja historia wyników
Nie rozwiązałeś tego quizu